[Event "ch-UKR"]
[Site "Simferopol UKR"]
[Date "2003.11.08"]
[Round "5"]
[White "Kucherenko,D"]
[Black "Zavgorodniy,S"]
[Result "1-0"]
[WhiteElo "2226"]
[BlackElo "2418"]

1.e4 c5 2.Nf3 Nc6 3.Nc3 g6 4.d4 cxd4 5.Nxd4 Bg7 6.Be3 Nf6 7.Bc4 O-O 8.Bb3 a5
9.f3 d5 10.exd5 Nb4 11.Nde2 a4 12.Nxa4 Nfxd5 13.Bd4 e5 14.Bc5 Qc7 15.Bxf8 Bxf8
16.Qd2 Bf5 17.O-O Rd8 18.Rfd1 Be7 19.Ng3 Be6 20.Kh1 h5 21.a3 Nc6 22.Nc3 Nf4
23.Qf2 Bxb3 24.Rxd8+ Qxd8 25.cxb3 Nd3 26.Qe2 Qd4 27.Nge4 f5 28.Nb5 Qd8 29.Nf2 Nf4
30.Qc4+ Kg7 31.Rd1 Qb6 32.Nd3 Bg5 33.Nxf4 Bxf4 34.Nd6 Qf2 35.Qf7+ Kh6 36.Nxf5+ gxf5
37.Rd6+ Kg5 38.Rg6+  1-0

[Event "ch-UKR"]
[Site "Simferopol UKR"]
[Date "2003.11.08"]
[Round "5"]
[White "Varchenko,G"]
[Black "Matjushin,G"]
[Result "1/2-1/2"]
[WhiteElo "2218"]
[BlackElo "2416"]

1.e4 c5 2.Nf3 Nc6 3.Nc3 g6 4.d4 cxd4 5.Nxd4 Bg7 6.Be3 Nf6 7.Bc4 Qa5 8.O-O O-O
9.Bb3 d6 10.h3 Bd7 11.f4 Nxd4 12.Bxd4 Bc6 13.Nd5 Rae8 14.Bc3 Qc5+ 15.Bd4 Qa5
16.Bc3 Qd8 17.Qd3 e6 18.Nxf6+ Bxf6 19.Bxf6 Qxf6 20.c3 Rd8 21.Rae1 b6 22.Kh2 Kg7
23.Qe3 e5 24.g3 Qe7 25.Bd5 Bxd5 26.exd5 f6 27.fxe5 dxe5 28.c4 Qd6 29.Rf2 a5
30.b3 Rf7 31.Kg2 Re7 32.Rd2 f5 33.h4 h5 34.Rde2 e4 35.Rd1 Rc7 36.a4 Qf6 37.Red2 Rd6
38.Rf1 Qe5 39.Rdf2 Rf7 40.Rd1 Re7 41.Rdf1 Rf6 42.Rd1 Ref7 43.Rdf1 Rf8 44.Kh2 Kg8
45.Kg2 Kh7 46.Kh2 Re8 47.Kg2 Re7 48.Rd1 Rd6 49.Rfd2 Rc7 50.Rf2 Rcd7 51.Rfd2 Rd8
52.Rf2 Rc8 53.Rdf1 Re8 54.Rd2 Re7 55.Rdf2 Rg7 56.Kh3 Rf6 57.Kg2 Re7 58.Kh2 Qd6
59.Rd1 Rc7 60.Kg2 Rg7 61.Kh3 Rgf7 62.Rdf1 Qc5 63.Qc3 Rd6 64.Qe5 Rd8 65.Kg2 Re7
66.Qf6 Qd6 67.Qd4 Rf8 68.Qe3 Rb8 69.Rd1 Rd7 70.Qg5 Rf7 71.Rdf1 Re8 72.Qe3 Qc5
73.Qc3 Rfe7 74.Re2 Rd7 75.Qf6 Qb4 76.Qb2 Rde7 77.Re3 Qd6 78.Qd4 Qc5 79.Qc3  1/2-1/2

[Event "TCh-AUT B Mitte 2003-4"]
[Site "St Veit AUT"]
[Date "2003.11.09"]
[Round "2"]
[White "Arwanitakis,M"]
[Black "Eichert,W"]
[Result "1/2-1/2"]
[WhiteElo "2232"]
[BlackElo "2164"]

1.e4 c5 2.Nc3 Nc6 3.Nge2 g6 4.g3 Bg7 5.Bg2 d6 6.d3 e6 7.O-O Nge7 8.Bg5 h6
9.Be3 Nd4 10.Qd2 Qa5 11.Nc1 Rb8 12.Nb3 Qc7 13.Bxd4 cxd4 14.Nb5 Qb6 15.Qb4 O-O
16.Qxd6 Nc6 17.Na3 Rd8 18.Qf4 e5 19.Qc1 Be6 20.Nd2 Bf8 21.Nac4 Qc7 22.a4 a6
23.a5 Bb4 24.f4 Kh7 25.f5 Bxc4 26.Nxc4 Rf8 27.c3 dxc3 28.bxc3 Bxa5 29.Nxa5 Nxa5
30.fxg6+ Kxg6 31.Ra2 Rbe8 32.Raf2 Re6 33.Bh3 Rc6 34.Qa3 Kg7 35.c4 b5 36.cxb5 axb5
37.Qa1 Nb3 38.Qd1 Nd4 39.Qh5 Qe7 40.Bf5 Qg5 41.Qd1 b4  1/2-1/2

[Event "15th Open"]
[Site "Leuven BEL"]
[Date "2003.11.10"]
[Round "6"]
[White "Barbosa,O PHI"]
[Black "Stinis,S"]
[Result "1-0"]
[WhiteElo "2293"]
[BlackElo "2089"]

1.e4 c5 2.Nc3 Nc6 3.Bb5 g6 4.Bxc6 bxc6 5.d3 Bg7 6.f4 Nf6 7.Nf3 d6 8.O-O Bg4
9.Qe1 Bxf3 10.Rxf3 Nd7 11.Kh1 e5 12.f5 f6 13.h4 g5 14.Rg3 h6 15.Qe2 Qe7 16.Rh3 O-O-O
17.g4 Kb8 18.Be3 Ka8 19.Kg2 Nb8 20.Na4 Nd7 21.Qf2 Rb8 22.a3 Nb6 23.Nc3 Nc8
24.b3 Qf7 25.Ne2 Qe7 26.Ng3 Qf7 27.Qd2 Rg8 28.Qc3 Qb7 29.Nh5 d5 30.Bxc5 Bh8
31.a4 Nb6 32.Ng3 Rgd8 33.hxg5 hxg5 34.Rah1 Nd7 35.Rh7 Qa6 36.Be7 Re8 37.Bd6 Rbc8
38.Rxd7  1-0

[Event "FSGM November"]
[Site "Budapest HUN"]
[Date "2003.11.11"]
[Round "11"]
[White "Kallio,H"]
[Black "Bui Vinh"]
[Result "1/2-1/2"]
[WhiteElo "2493"]
[BlackElo "2463"]

1.e4 c5 2.Nf3 Nc6 3.Nc3 d6 4.d4 cxd4 5.Nxd4 Nf6 6.Bg5 Bd7 7.Qd2 Rc8 8.f4 Qa5
9.O-O-O Nxd4 10.Qxd4 Rxc3 11.Bxf6 Rc7 12.Bh4 Qxa2 13.e5 Qa1+ 14.Kd2 Qa5+
15.b4 Qa4 16.Bd3 dxe5 17.fxe5 e6 18.c3 Qa2+ 19.Ke3 Qd5 20.Ra1 a6 21.Qxd5 exd5
22.Kd4 Be7 23.Bxe7 Kxe7 24.Ra5 Rhc8 25.Rc1 Be6 26.Rc5 h6 27.Ra1 Rxc5 28.bxc5 Bd7
29.Be2 Bc6 30.Bf3 Rd8 31.h4 Ke6 32.Bg4+ Ke7 33.Bf3 g5 34.hxg5 hxg5 35.g3 g4
36.Bg2 Ke6 37.Ra2 Ra8 38.Bf1 a5 39.Be2 Kf5 40.Bd3+ Ke6 41.Be2 a4 42.Bxg4+ Ke7
43.Bf3 Ke6 44.Bg4+ Ke7 45.Bf3 Ke6  1/2-1/2

[Event "ch-IND A Women"]
[Site "Calicut IND"]
[Date "2003.11.12"]
[Round "5"]
[White "Thipsay,B"]
[Black "Mohota,N"]
[Result "1/2-1/2"]
[WhiteElo "2249"]
[BlackElo "2299"]

1.e4 c5 2.Nc3 Nc6 3.Nge2 e5 4.Nd5 d6 5.Nec3 Be6 6.Bc4 Nf6 7.d3 Be7 8.O-O O-O
9.f4 exf4 10.Bxf4 Bxd5 11.Nxd5 Nxd5 12.Bxd5 Bf6 13.c3 Qe7 14.Qh5 Ne5 15.Rad1 Rac8
16.Kh1 b6 17.Rf2 Rc7 18.Re2 Qd7 19.Bxe5 Bxe5 20.Re3 Qe7 21.Rh3 h6 22.Rf1 Qg5
23.Qe2 Kh7 24.Rhf3 Qh5 25.h3 Bf6 26.Qf2 Qe5 27.Rf5 Qe7 28.Qf3 b5 29.Qf2  1/2-1/2

[Event "Friendship IM"]
[Site "Cartak CZE"]
[Date "2003.11.15"]
[Round "6"]
[White "Kanovsky,D"]
[Black "Volodin,V"]
[Result "1-0"]
[WhiteElo "2298"]
[BlackElo "2248"]

1.e4 c5 2.Nf3 Nc6 3.Nc3 e5 4.Bc4 Be7 5.d3 d6 6.Nd2 Nf6 7.Nf1 Bg4 8.f3 Be6
9.Ne3 O-O 10.O-O Ne8 11.g3 Bg5 12.f4 exf4 13.gxf4 Bh6 14.Ng4 Bxg4 15.Qxg4 Na5
16.Bd5 Nf6 17.Qh3 Qd7 18.Qxd7 Nxd7 19.Nb5 Nf6 20.Nxd6 Nxd5 21.exd5 Rfd8 22.Nf5 b6
23.c4 Nb7 24.Nxh6+ gxh6 25.f5 f6 26.Bf4 Nd6 27.Bxd6 Rxd6 28.Rae1 Kf7 29.Re6 Rd7
30.Rf4 Rg8+ 31.Kf2 Rg5 32.h4 Rg8 33.Rfe4 h5 34.d6 Rgd8 35.Re7+ Kf8 36.Rxd7 Rxd7
37.Re6  1-0

[Event "British Rapidplay"]
[Site "Halifax ENG"]
[Date "2003.11.15"]
[Round "4"]
[White "Haslinger,S"]
[Black "Wells,P"]
[Result "1/2-1/2"]
[WhiteElo "2410"]
[BlackElo "2485"]

1.e4 c5 2.Nf3 Nc6 3.Nc3 d6 4.d4 cxd4 5.Nxd4 Nf6 6.Bg5 e6 7.Qd2 Be7 8.O-O-O O-O
9.f4 Nxd4 10.Qxd4 Qa5 11.Kb1 h6 12.h4 Rd8 13.Qd2 Nxe4 14.Nxe4 Qxd2 15.Rxd2 hxg5
16.hxg5 d5 17.Nc3 Bd7 18.Bd3 Bb4 19.g3 Bc6 20.Rdh2 Kf8 21.Ne2 d4 22.Rh8+ Ke7
23.Rxd8 Rxd8 24.Rh7 Bf3 25.g6 Kf6 26.Ng1 Bc6 27.gxf7 Kxf7 28.Nh3 Be7 29.Nf2 Bf3
30.Kc1 b6 31.a3 Rc8 32.Kd2 Rc5 33.Rh8 Rh5 34.Rxh5 Bxh5 35.g4 Bg6 36.Bxg6+ Kxg6
37.Kd3 Bd6 38.Ke4 Kf6 39.Nh3 e5 40.f5 b5 41.g5+ Ke7 42.Nf2 a5 43.Nd3 b4 44.Nxe5 Bxe5
45.Kd3 Bf4 46.f6+ gxf6 47.gxf6+ Kxf6 48.Kxd4 Bc1 49.Kc4 Bd2 50.c3 bxc3 51.bxc3 Bxc3  1/2-1/2

[Event "TCh-SLO"]
[Site "Celje SLO"]
[Date "2003.11.17"]
[Round "1"]
[White "Justin,M"]
[Black "Srebrnic,M"]
[Result "1/2-1/2"]
[WhiteElo "2379"]
[BlackElo "2224"]

1.e4 c5 2.Nf3 Nc6 3.Nc3 e5 4.Bc4 Be7 5.d3 Nf6 6.Nd2 O-O 7.Nf1 d6 8.Ne3 Be6
9.O-O Ne8 10.Ncd5 Bg5 11.c3 Rb8 12.a4 Nc7 13.Nxc7 Qxc7 14.Nd5 Qd8 15.Qh5 Bxc1
16.Raxc1 Ne7 17.Ne3 Ng6 18.g3 a6 19.f4 Bxc4 20.Nxc4 exf4 21.gxf4 f5 22.exf5 Ne7
23.Ne3 Qd7 24.Rce1 Nxf5 25.Nxf5 Qxf5 26.Qxf5 Rxf5 27.Re6 Rf6 28.Rxf6 gxf6
29.Re1 Kf7 30.Kf2 f5 31.Re3 b6 32.Rh3 Kg6 33.d4 cxd4 34.Rd3 dxc3 35.Rxd6+ Kg7
36.bxc3 b5 37.Rxa6 b4 38.cxb4 Rxb4 39.Ke3 Re4+ 40.Kf3 Rb4 41.a5 Rb3+ 42.Kf2 Rb2+
43.Kg3 Rb3+ 44.Kh4 h6 45.Rb6 Ra3 46.a6 Kh7 47.Rf6 Kg7 48.Rxf5 Rxa6  1/2-1/2

[Event "TCh-SLO"]
[Site "Celje SLO"]
[Date "2003.11.17"]
[Round "2"]
[White "Kos,T"]
[Black "Sakelsek,T"]
[Result "1/2-1/2"]
[WhiteElo "2361"]
[BlackElo "2339"]

1.e4 c5 2.Nc3 Nc6 3.Nf3 e6 4.Bb5 Nge7 5.O-O a6 6.Bxc6 Nxc6 7.d4 cxd4 8.Nxd4 Be7
9.Nxc6 dxc6 10.Be3 Qxd1 11.Raxd1 e5 12.Na4 Be6 13.Nc5 Bxc5 14.Bxc5 f6 15.Rd6 Kf7
16.Rfd1 Rhc8 17.a4  1/2-1/2

[Event "TCh-SLO"]
[Site "Celje SLO"]
[Date "2003.11.17"]
[Round "2"]
[White "Mazi,L"]
[Black "Sebenik,M"]
[Result "1/2-1/2"]
[WhiteElo "2422"]
[BlackElo "2430"]

1.e4 c5 2.Nf3 Nc6 3.Nc3 Nf6 4.d4 cxd4 5.Nxd4 e5 6.Ndb5 d6 7.Bg5 a6 8.Bxf6 gxf6
9.Na3 b5 10.Nd5 f5 11.c3 Bg7 12.exf5 Bxf5 13.Nc2 O-O 14.Nce3 Be6 15.Bd3 f5
16.Qh5 e4 17.Bc2 Ne7 18.Rd1 b4 19.cxb4 Nxd5 20.Nxd5 Bxb2 21.O-O Be5 22.Bb3 Kh8
23.Qh6 Bxd5 24.Rxd5 Rf6 25.Qe3 Rg6 26.f4 exf3 27.Qxf3 Rb8 28.Qh5 Rxb4 29.Qxf5 Rf6
30.Rxe5 Rxf5 31.Rexf5 Rb8  1/2-1/2

[Event "TCh-SLO"]
[Site "Celje SLO"]
[Date "2003.11.17"]
[Round "2"]
[White "Barle,J"]
[Black "Kastelic,M"]
[Result "1-0"]
[WhiteElo "2370"]
[BlackElo "2300"]

1.e4 c5 2.Ne2 Nc6 3.Nbc3 Nf6 4.g3 d5 5.exd5 Nxd5 6.Bg2 Nxc3 7.bxc3 e6 8.O-O Be7
9.c4 Bd7 10.Rb1 b6 11.Bb2 O-O 12.Re1 Rc8 13.Nf4 Bf6 14.Bxf6 Qxf6 15.c3 Rfd8
16.Qe2 g6 17.Nd3 Be8 18.f4 Rd6 19.Nf2 Qe7 20.Ne4 Rdd8 21.g4 f5 22.Ng5 e5
23.Bd5+ Kh8 24.Qf2 e4 25.Qh4 Rc7 26.Qh6 Qf6 27.Ne6 Rcc8 28.Nxd8 Rxd8 29.d3 Bd7
30.dxe4 fxe4 31.Rxe4 Bxg4 32.Bxc6 Bf5 33.Qg5 Qxg5+ 34.fxg5 Bxe4 35.Bxe4 Rd2
36.Rf1 Rxa2 37.Bd5 h6 38.Rf8+ Kh7 39.Rf7+ Kh8 40.gxh6 a5 41.Be4  1-0

[Event "TCh-ESP Final"]
[Site "Sanxenxo ESP"]
[Date "2003.11.18"]
[Round "2"]
[White "Rodriguez Guerrero,E"]
[Black "Simonet,M"]
[Result "1/2-1/2"]
[WhiteElo "2485"]
[BlackElo "2334"]

1.e4 c5 2.Nf3 Nc6 3.Nc3 Nf6 4.Bb5 Qc7 5.O-O Nd4 6.Re1 a6 7.Bc4 e6 8.e5 d5
9.exf6 dxc4 10.Ne4 Bd7 11.d3 O-O-O 12.Nxd4 cxd4 13.Qf3 Rg8 14.Bf4 Qa5 15.Bg3 Qf5
16.Qxf5  1/2-1/2

[Event "Claude Pecaut Mem"]
[Site "Taormina ITA"]
[Date "2003.11.18"]
[Round "4"]
[White "Ortega,Le"]
[Black "Tomescu,V"]
[Result "1/2-1/2"]
[WhiteElo "2462"]
[BlackElo "2447"]

1.e4 c5 2.Nf3 Nc6 3.Nc3 Nf6 4.d4 cxd4 5.Nxd4 d6 6.Bc4 e6 7.Be3 a6 8.Qe2 Qc7
9.O-O-O Na5 10.Bd3 b5 11.Rhe1 Bb7 12.Bg5 Be7 13.a3 Nc6 14.Be3 b4 15.axb4 Nxb4
16.Kb1 O-O 17.f4 Rfc8 18.g4 Nd7 19.f5 Nxd3 20.cxd3 Nc5 21.fxe6 fxe6 22.g5 Rab8
23.Qg4 Ba8 24.Re2 Qd7 25.Rc2 g6 26.Nde2 Na4 27.Rdc1 Bc6 28.Nd4 Nc5 29.Nxc6 Rxc6
30.Nd5 Rbb6 31.Nxb6 Rxb6 32.d4 Nd3 33.d5 Rb8 34.dxe6 Qb7 35.Qg2 Nxc1 36.Bxc1 Qb3
37.Qg4 Rf8 38.Qe2 Qxe6 39.Qc4 Qxc4 40.Rxc4 Kf7 41.Rc7 Ra8 42.h4 Ke6 43.Bd2 Rf8  1/2-1/2

[Event "TCh-SLO"]
[Site "Celje SLO"]
[Date "2003.11.21"]
[Round "6"]
[White "Kos,T"]
[Black "Rusjan,M"]
[Result "1/2-1/2"]
[WhiteElo "2361"]
[BlackElo "2235"]

1.e4 c5 2.Nc3 Nc6 3.Nf3 e6 4.Bb5 Nd4 5.Bd3 a6 6.O-O d6 7.Nxd4 cxd4 8.Ne2 e5
9.c3 dxc3 10.dxc3 Be6 11.c4 Rc8 12.b3 Qa5 13.Bd2 Qa3 14.Nc3 Nf6 15.Nd5 Bxd5
16.cxd5 Be7 17.Qe1 O-O 18.Bc1 Qc5 19.Be3 Qa3 20.Bc1 Qc5 21.Be3 Qa3 22.Bc1  1/2-1/2

[Event "TCh-SLO"]
[Site "Celje SLO"]
[Date "2003.11.21"]
[Round "7"]
[White "Crepan,M"]
[Black "Grosar,A"]
[Result "0-1"]
[WhiteElo "2286"]
[BlackElo "2451"]

1.e4 c5 2.Nf3 Nc6 3.Nc3 Nf6 4.d4 cxd4 5.Nxd4 e5 6.Nb3 Bb4 7.Bc4 d6 8.O-O Bxc3
9.bxc3 O-O 10.Qd3 Be6 11.Rd1 Bxc4 12.Qxc4 Rc8 13.Qd3 Na5 14.Rb1 Nc4 15.Bg5 h6
16.Bxf6 Qxf6 17.Nd2 Nb6 18.Nf1 Na4 19.c4 Nc5 20.Qe3 b6 21.Ng3 Ne6 22.Rxd6 Rxc4
23.Rd7 Rxc2 24.Rxa7 Nd4 25.Nf5 Nxf5 26.exf5 Qxf5 27.Re1 Rfc8 28.h3 R8c3 29.Qxb6 Rc1
30.Qb8+ Kh7  0-1

[Event "TCh-SLO"]
[Site "Celje SLO"]
[Date "2003.11.22"]
[Round "8"]
[White "Sermek,D"]
[Black "Pavasovic,D"]
[Result "1/2-1/2"]
[WhiteElo "2568"]
[BlackElo "2586"]

1.e4 c5 2.Nf3 Nc6 3.Nc3 d6 4.Bb5 Bg4 5.h3 Bxf3 6.Qxf3 Rc8 7.O-O g6 8.b3 Bg7
9.Bb2 Nf6 10.Nd5 e5 11.Nxf6+ Bxf6 12.d3 O-O 13.Bxc6 Rxc6 14.c4 Bg5 15.Bc1  1/2-1/2

[Event "TCh-SLO"]
[Site "Celje SLO"]
[Date "2003.11.23"]
[Round "9"]
[White "Crepan,M"]
[Black "Sveshnikov,E"]
[Result "0-1"]
[WhiteElo "2286"]
[BlackElo "2557"]

1.e4 c5 2.Nf3 Nc6 3.Nc3 Nf6 4.d4 cxd4 5.Nxd4 e5 6.Nb3 Bb4 7.Bd3 d5 8.exd5 Nxd5
9.O-O Nxc3 10.bxc3 Bxc3 11.Ba3 Bxa1 12.Qxa1 Qc7 13.Rb1 b6 14.Qc3 Bb7 15.Bf5 g6
16.Bh3 b5 17.Qd2 Rd8 18.Qg5 Ne7 19.f3 Nc8 20.c3 Rd3 21.Qc1 Qd7 22.Kf2 Qd5
23.Qe1  0-1

[Event "Gufeld Memorial"]
[Site "Burbank USA"]
[Date "2003.11.25"]
[Round "7"]
[White "Matikozian,A"]
[Black "Ortiz,E PHI"]
[Result "1-0"]
[WhiteElo "2450"]
[BlackElo "2310"]

1.e4 c5 2.Nc3 Nc6 3.Nf3 d6 4.Bc4 Nf6 5.d4 cxd4 6.Nxd4 e6 7.O-O Be7 8.Bb3 a6
9.Kh1 Bd7 10.f4 b5 11.f5 Nxd4 12.Qxd4 O-O 13.fxe6 Bxe6 14.Bf4 Nh5 15.Be3 Bf6
16.Qd1 g6 17.Qd2 Rc8 18.Rad1 Bxc3 19.bxc3 Qh4 20.Qxd6 Bxb3 21.cxb3 Rxc3 22.Rf3 Rcc8
23.Qxa6 Qxe4 24.Qxb5 Rc2 25.Qf1 Rxa2 26.Bh6 Ng7 27.Re3 Qa8 28.Re7 Qa5 29.Qf6 Nf5
30.Qxf7+  1-0

[Event "Fakel Jamala"]
[Site "Noyabrsk RUS"]
[Date "2003.11.25"]
[Round "8"]
[White "Reutsky,S"]
[Black "Brodsky,M"]
[Result "0-1"]
[WhiteElo "2341"]
[BlackElo "2559"]

1.e4 c5 2.Nf3 Nc6 3.Nc3 d6 4.d4 cxd4 5.Nxd4 Nf6 6.Bg5 e6 7.Qd2 Qb6 8.Nb3 Be7
9.O-O-O O-O 10.f3 a6 11.g4 Qc7 12.Be3 b5 13.g5 Nd7 14.Qf2 Nce5 15.h4 b4 16.Nb1 a5
17.N1d2 a4 18.Nd4 a3 19.bxa3 bxa3 20.Nb5 Qb8 21.Nb3 Ba6 22.N5d4 Rc8 23.Bxa6 Rxa6
24.f4 Nc4 25.f5 Nc5 26.Qf3 e5 27.f6 Nxe3 28.fxe7 Nxb3+ 29.axb3 exd4  0-1

[Event "Cultural Village"]
[Site "Wijk aan Zee NED"]
[Date "2003.11.25"]
[Round "2"]
[White "Afek,Y"]
[Black "Ris,R"]
[Result "1-0"]
[WhiteElo "2376"]
[BlackElo "2297"]

1.e4 c5 2.Nc3 Nc6 3.Nge2 e6 4.g3 d5 5.exd5 exd5 6.d4 Nf6 7.Bg2 cxd4 8.Nxd4 Be7
9.h3 O-O 10.O-O h6 11.Be3 Re8 12.Nde2 Bb4 13.Kh2 Be6 14.Nf4 Bxc3 15.bxc3 Qa5
16.Qb1 Qc7 17.Rd1 Rad8 18.Qb5 a6 19.Qb6 Qxb6 20.Bxb6 Rd7 21.Rab1 g5 22.Nd3 Ne4
23.Nc5 Nxc3 24.Nxd7 Bxd7 25.Bxd5 Nxb1 26.Rxb1 Re2 27.Be3 Rxc2 28.Rxb7 Ne5
29.Rb8+ Rc8 30.Rxc8+ Bxc8 31.f4 gxf4 32.Bxf4 Nd3 33.Bxh6 Bd7 34.g4 a5 35.Bd2 a4
36.Kg3 Kf8 37.Be4 Ne5 38.Kf4 Ng6+ 39.Kg5 Be6 40.a3 Kg7 41.Bc3+ Kg8 42.h4 Ne7
43.h5 Nd5 44.Be5 f6+ 45.Bxf6 Nxf6 46.Kxf6 Bxg4 47.h6 Bd1 48.Ke5 Bb3 49.Kd4 Kh8
50.Kc3 Be6 51.Bc2 Bc8 52.Kb4  1-0

[Event "Open"]
[Site "Santo Domingo DOM"]
[Date "2003.11.27"]
[Round "1"]
[White "Nisipeanu,LD"]
[Black "Metz,He"]
[Result "1-0"]
[WhiteElo "2675"]
[BlackElo "2149"]

1.e4 c5 2.Nf3 Nc6 3.Nc3 g6 4.d4 cxd4 5.Nxd4 Bg7 6.Nb3 Bxc3+ 7.bxc3 Nf6 8.Bd3 d6
9.O-O O-O 10.Kh1 b6 11.Bg5 Nd7 12.f4 Bb7 13.Qe1 Re8 14.Qh4 Nf8 15.Rad1 Qc7
16.Bh6 Nd7 17.Rf3 Nf6 18.Bg5 Bc8 19.Rdf1 Nh5 20.g4 Ng7 21.Bh6 Qd7 22.f5 Kh8
23.Rh3 Rg8 24.fxg6 f6 25.gxh7  1-0

[Event "Open"]
[Site "Santo Domingo DOM"]
[Date "2003.11.28"]
[Round "2"]
[White "Hernandez,El"]
[Black "Moiseenko,A"]
[Result "0-1"]
[WhiteElo "2289"]
[BlackElo "2618"]

1.e4 c5 2.Nf3 Nc6 3.Nc3 d6 4.d4 cxd4 5.Nxd4 e5 6.Ndb5 a6 7.Na3 b5 8.Nd5 Nge7
9.c4 Nd4 10.Nc2 Nxd5 11.Nxd4 Nf6 12.Nc2 Be7 13.Bd3 bxc4 14.Bxc4 Bb7 15.f3 d5
16.exd5 Nxd5 17.O-O O-O 18.Kh1 Rc8 19.Bb3 a5 20.Ne3 Nb6 21.Nf5 Bc5 22.Be3 Bxe3
23.Nxe3 Ba6 24.Re1 h5 25.Nf5 Rc5 26.Nd6 a4 27.Ne4 Ra5 28.Bc2 Rd5 29.Qc1 Qe7
30.Nc3 Rc5 31.a3 Rd8 32.Qe3 Nc4 33.Qe4 g6 34.Nxa4 Nd6 35.Qb4 Rxc2 36.Qb6 Qg5
37.Rg1 Nf5 38.Rae1 Rd4 39.Qb8+ Kh7 40.Qxe5 Rxa4 41.Re4 Bf1 42.g4 Rxe4 43.fxe4 Be2
44.Re1 Bf3+  0-1

[Event "Open"]
[Site "Santo Domingo DOM"]
[Date "2003.11.28"]
[Round "2"]
[White "Van Benthem,A"]
[Black "Stefansson,H"]
[Result "0-1"]
[WhiteElo "2270"]
[BlackElo "2567"]

1.e4 c5 2.Ne2 Nc6 3.Nbc3 e6 4.g3 d5 5.d3 d4 6.Nb1 e5 7.Bg2 h5 8.f4 h4 9.f5 Nf6
10.h3 hxg3 11.Nxg3 Be7 12.O-O Bd7 13.Nd2 Qc7 14.Nf3 O-O-O 15.Ng5 Rdf8 16.Bf3 Qd8
17.Qd2 g6 18.fxg6 fxg6 19.Bg2 Nh5 20.Rxf8 Qxf8 21.Qf2 Nf4 22.Bf1 Qd8  0-1

[Event "TCh-SWE 2003-4"]
[Site "Malmo SWE"]
[Date "2003.11.29"]
[Round "4"]
[White "Carlsson,P"]
[Black "Winge,S"]
[Result "1-0"]
[WhiteElo "2360"]
[BlackElo "2284"]

1.e4 c5 2.Nf3 Nc6 3.Nc3 Nf6 4.Bb5 Qc7 5.O-O e5 6.Bc4 Nd8 7.d3 h6 8.Nh4 g5
9.Qf3 Be7 10.Nf5 d6 11.Nb5 Qb8 12.Nfxd6+ Kf8 13.Nf5 Ne6 14.Nxe7 Kxe7 15.Be3 b6
16.Bd5 Nf4 17.Bxf4 gxf4 18.d4 Bg4 19.Qa3 Nxd5 20.exd5 a6 21.d6+ Kd7 22.Nc7 cxd4
23.Rfe1 f6 24.Nxa8 Qxa8 25.Qb3 Qg8 26.Qxb6 Rh7 27.Qc7+ Ke6 28.Qc4+  1-0

[Event "22nd SEA Games Team Rapid"]
[Site "Ho Chi Minh City VIE"]
[Date "2003.12.05"]
[Round "2.2"]
[White "Paragua,M"]
[Black "Lim Chuing Hoong"]
[Result "1-0"]
[WhiteElo "2500"]
[BlackElo "2276"]

1.e4 c5 2.Nc3 Nc6 3.Nf3 e5 4.Bc4 d6 5.d3 Be7 6.O-O Bg4 7.h3 Bh5 8.Nd5 a6
9.c3 Nf6 10.Ne3 Bg6 11.Nh4 Na5 12.Nhf5 O-O 13.Qf3 b5 14.Bd5 Nxd5 15.Nxd5 Bxf5
16.exf5 Bg5 17.f6 Bxf6 18.b4 e4 19.Nxf6+ Qxf6 20.Qxf6 gxf6 21.bxa5 exd3 22.Bf4 d5
23.Be3 d4 24.cxd4 c4 25.Rac1 Rac8 26.Bd2 Rfe8 27.Rfe1 Rxe1+ 28.Bxe1 Re8 29.Bb4 Re4
30.d5 Rd4 31.d6 d2 32.Rd1 Rxd6 33.Bxd6 c3 34.Ba3 b4 35.Bc1 dxc1=Q 36.Rxc1 Kf8  1-0

[Event "ch-GRE w"]
[Site "Aspropyrgos GRE"]
[Date "2003.12.06"]
[Round "8"]
[White "Petraki,M"]
[Black "Papadopoulou,V"]
[Result "1/2-1/2"]
[WhiteElo "2119"]
[BlackElo "2245"]

1.e4 c5 2.Nc3 Nc6 3.Bb5 g6 4.Bxc6 bxc6 5.d3 Bg7 6.f4 d6 7.Nf3 Nh6 8.O-O O-O
9.Qe2 Rb8 10.Re1 Bg4 11.h3 Bxf3 12.Qxf3 f5 13.e5 Qb6 14.b3 c4+ 15.Be3 Qb4
16.Na4 cxd3 17.cxd3 dxe5 18.fxe5 Bxe5 19.Rac1 f4 20.Bxa7 Bd4+ 21.Bxd4 Qxd4+
22.Kh2 Rf7 23.Rxc6 Nf5 24.Rc4 Qd8 25.Nc5 Nd6 26.Ne6 Qa5 27.Rcc1 Qxa2 28.Ra1 Qd2
29.Ra8 Qb4 30.Rea1 Rff8 31.Nxf8 Rxf8 32.Qd5+ Kg7 33.Rxf8 Kxf8 34.Ra8+ Kg7
35.Ra4 Qe1 36.Rxf4 Nf5 37.Qf3 Qe5 38.Qe4 Qd6 39.g3 Qc7 40.g4 g5 41.Qxf5 gxf4
42.Kg2 e5 43.Qg5+ Kf7 44.Qf5+ Kg7 45.Qe4 Qc3 46.Kf3 Qb2 47.Qb7+ Kg6 48.Qb6+ Kg7
49.Qc7+ Kg6 50.Qd6+ Kf7 51.Qd7+ Kf6 52.h4 Qc3 53.g5+ Kg6 54.Kg4 h5+ 55.Kf3 Qc5
56.Qe6+ Kg7 57.Qd7+ Kg6 58.Qe6+ Kg7 59.Qh6+ Kg8 60.Ke4 Qd4+ 61.Kf5 Qxd3+
62.Kxe5 Qc3+ 63.Kf5 Qh3+ 64.Kxf4 Qxh4+ 65.Kf3 Qg4+  1/2-1/2

[Event "TCh-AUT B Mitte 2003-4"]
[Site "Trofaiach AUT"]
[Date "2003.12.06"]
[Round "3"]
[White "Hiermann,D"]
[Black "Hebesberger,T"]
[Result "0-1"]
[WhiteElo "2286"]
[BlackElo "2307"]

1.e4 c5 2.Nc3 Nc6 3.Bb5 Nd4 4.Nf3 g6 5.Nxd4 cxd4 6.Ne2 Qb6 7.Bc4 Nf6 8.d3 Bg7
9.O-O e6 10.Bb3 O-O 11.Bd2 d5 12.exd5 Nxd5 13.Qc1 Qd6 14.Bh6 e5 15.Bxg7 Kxg7
16.Qd2 b6 17.Bxd5 Qxd5 18.c4 dxc3 19.Nxc3 Qd4 20.Rfe1 Bf5 21.Re3 Rad8 22.Rd1 Rfe8
23.Ne2 Qd5 24.b3 Bc8 25.Nc3 Qc6 26.Rc1 Bf5 27.Ne2 Qd6 28.Ng3 Be6 29.Ne4 Qe7
30.Qb2 f6 31.Rce1 Bf5 32.f3 Qd7 33.Nf2 Qd4 34.Qa3 Rd7 35.g4 Be6 36.Re4 Qd6
37.Qxd6 Rxd6 38.Rc1 Re7 39.Kg2 Bd5 40.Re3 Rdd7 41.Kg3 Bb7 42.Rce1 Rd5 43.f4 exf4+
44.Kxf4 Rd4+ 45.Kg3 Rxe3+ 46.Rxe3 Kf7 47.h3 a5 48.Re2 Ba6 49.Kf3 Rd6 50.Ke3 Re6+
51.Kd2 Rxe2+ 52.Kxe2 Ke6 53.Ke3 Ke5 54.d4+ Ke6 55.h4 Bb7 56.a3 h6 57.Nd1 Bd5
58.b4 axb4 59.axb4 Kd6 60.Nc3 Be6 61.Ne4+ Ke7 62.Kf4 Bxg4 63.Nc3 Be6 64.d5 g5+
65.hxg5 hxg5+ 66.Ke4 Bd7 67.Kd4 Be8 68.b5 Bd7 69.Na4 Bxb5 70.Nxb6 Kd6 71.Nc8+ Kd7
72.Nb6+ Kd8 73.d6 Bc6  0-1

[Event "Attila Schneider Mem"]
[Site "Budapest HUN"]
[Date "2003.12.07"]
[Round "7"]
[White "Poulsen,Ma"]
[Black "Horvath,An"]
[Result "0-1"]
[WhiteElo "2252"]
[BlackElo "2265"]

1.e4 c5 2.Nc3 Nc6 3.Bb5 g6 4.Bxc6 dxc6 5.d3 Bg7 6.Nge2 e5 7.O-O Ne7 8.Be3 Qd6
9.Qd2 O-O 10.Ng3 b6 11.Bh6 Ba6 12.b3 Rae8 13.Rae1 f6 14.Bxg7 Kxg7 15.f4 exf4
16.Rxf4 Ng8 17.Ref1 Re5 18.Kh1 Bc8 19.Nce2 Ree8 20.Nc3 b5 21.Nd1 Be6 22.Ne3 Rd8
23.Qf2 a5 24.Rf5 Kh8 25.Rf3 Ra8 26.Ne2 a4 27.Nf4 axb3 28.axb3 Bf7 29.Rh3 g5
30.Ne2 Bg6 31.Nf5 Qe5 32.Re3 Rfe8 33.c3 Bxf5 34.Qxf5 Qxf5 35.Rxf5 Ra1+ 36.Ng1 Re5
37.Rf2 Rb1 38.d4 cxd4 39.cxd4 Re7 40.Rd2 f5 41.e5 Ra7 42.g3 Raa1 43.Rg2 Rd1
44.h4 g4 45.Kh2 Ne7 46.Rc3 Rxd4 47.Ne2 Rdd1 48.Rf2 Nd5 49.Rxc6 Rh1+  0-1

[Event "II Manuel Pereyra Puebla Mem"]
[Site "Mendoza ARG"]
[Date "2003.12.08"]
[Round "4"]
[White "Duarte,L"]
[Black "Alonso,S"]
[Result "1-0"]
[WhiteElo "2285"]
[BlackElo "2484"]

1.e4 c5 2.Nc3 Nc6 3.Nf3 g6 4.d4 cxd4 5.Nxd4 Bg7 6.Nf3 Nf6 7.Bc4 O-O 8.O-O d6
9.h3 a6 10.Re1 b5 11.Bb3 Bb7 12.Nd5 Nd7 13.c3 e6 14.Bg5 f6 15.Nf4 fxg5 16.Nxe6 Qe7
17.Nfxg5 Kh8 18.Nxf8 Bxf8 19.Nf7+ Kg7 20.Qd2 Nc5 21.Bd5 Ne5 22.Qh6+ Kg8 23.Nxe5+ Bxd5
24.Nxg6 Qf6 25.Qd2 Bb7 26.Nxf8 Rxf8 27.f3 Ne6 28.Qxd6 Rd8 29.Qb6 Rd2 30.Qe3 Rxb2
31.Re2 Rxe2 32.Qxe2 Qxc3 33.Rd1 Bc6 34.Qd2 Qc5+ 35.Qf2 Qc4 36.Qd2 Qc5+ 37.Kh1 Be8
38.f4 Qc4 39.f5 Nc5 40.Qg5+ Kf8 41.Qh6+ Kg8 42.Rd8 Qxe4 43.Qd6 Nb7 44.Qd5+ Qxd5
45.Rxd5 Bf7 46.Rd2 Nc5 47.g4 Kg7 48.Kg2 b4 49.Kf3 Na4 50.Kf4 Nc3 51.g5 Bxa2
52.h4 Kf7 53.f6 Kg6  1-0

[Event "II Manuel Pereyra Puebla Mem"]
[Site "Mendoza ARG"]
[Date "2003.12.08"]
[Round "4"]
[White "Dolezal,C"]
[Black "Salguero,F"]
[Result "1-0"]
[WhiteElo "2410"]
[BlackElo "2284"]

1.Nc3 c5 2.Nf3 Nc6 3.e4 d6 4.d4 cxd4 5.Nxd4 Nf6 6.h3 e6 7.g4 Be7 8.Bg2 Qc7
9.Nb3 a6 10.f4 b5 11.Be3 Nd7 12.O-O Nb6 13.Bxb6 Qxb6+ 14.Kh1 O-O 15.Qd2 Bb7
16.g5 Rfe8 17.h4 g6 18.h5 Qd8 19.Rf3 Bf8 20.Raf1 b4 21.Nd1 a5 22.Rh3 Bg7
23.Qe1 Ba6 24.Rf2 a4 25.Nc1 Rc8 26.Rd2 e5 27.Qh4 exf4 28.Qxf4 Ne5 29.Ne3 Bb7
30.Rf2 Qd7 31.Qh4 a3 32.bxa3 bxa3 33.hxg6 hxg6 34.Nd3 Nxd3 35.cxd3 Rc1+ 36.Bf1 d5
37.Ng4 dxe4 38.Nf6+ Bxf6 39.gxf6 e3+ 40.Kh2 Qxh3+ 41.Qxh3 Re5 42.Kg3 Rh5
43.Qd7 exf2 44.Qe8+ Kh7 45.Qxf7+ Kh6 46.Qg7+ Kg5 47.f7 Rxf1 48.Qe5+  1-0

[Event "22nd SEA Games Standard"]
[Site "Ho Chi Minh City VIE"]
[Date "2003.12.09"]
[Round "3"]
[White "Liu Dede"]
[Black "Bui Vinh"]
[Result "1/2-1/2"]
[WhiteElo "2406"]
[BlackElo "2463"]

1.e4 c5 2.Nf3 Nc6 3.Nc3 Nf6 4.Bb5 g6 5.h3 Qc7 6.O-O Bg7 7.Re1 e5 8.d3 O-O
9.Bg5 d6 10.Bxf6 Bxf6 11.Nd5 Qd8 12.Nxf6+ Qxf6 13.c3 Bd7 14.d4 cxd4 15.cxd4 exd4
16.Bxc6 bxc6 17.Qxd4 Qxd4 18.Nxd4 c5 19.Ne2 Bc6 20.Nc3 Rfd8 21.Rad1 a5 22.Rd2 Kf8
23.Red1 Ke7 24.Nd5+ Bxd5 25.Rxd5 f6 26.f4 a4 27.e5 dxe5 28.fxe5 Rxd5 29.Rxd5 Rb8
30.exf6+ Kxf6 31.b3  1/2-1/2